logo

Bir Sreshtho Munshi Abdur Rouf Library
Jhenaidah Cadet College

ন হন্যতে / (Record no. 13830)

MARC details
000 -LEADER
fixed length control field 00626nam a2200217 a 4500
001 - CONTROL NUMBER
JCCL Control Number 13830
003 - CONTROL NUMBER IDENTIFIER
JCCL marc code BD-JhCC
005 - DATE AND TIME OF LATEST TRANSACTION
control field 20240417123558.0
008 - FIXED-LENGTH DATA ELEMENTS--GENERAL INFORMATION
fixed length control field 240415b19741993bg |||| ||a| 000 0 bng d
035 ## - SYSTEM CONTROL NUMBER
system control number (BD-JhCC)13830
040 ## - CATALOGING SOURCE
Original cataloging agency BD-JhCC
Modifying agency BD-JhCC
041 ## - LANGUAGE CODE
Language code of Book Bengali
082 ## - DEWEY DECIMAL CLASSIFICATION NUMBER
Classification number 891.443
Author mark and Year DEV 1993
100 ## - MAIN ENTRY--PERSONAL NAME
Personal name দেবী , মৈত্রেয়ী
245 ## - TITLE STATEMENT
Title ন হন্যতে /
Statement of responsibility, etc মৈত্রেয়ী দেবী ।
260 ## - PUBLICATION, DISTRIBUTION, ETC. (IMPRINT)
Place of publication, distribution, etc ঢাকা:
Name of publisher, distributor, etc প্রাইমা পাব:;
Date of publication, distribution, etc 1993.
300 ## - PHYSICAL DESCRIPTION
Pagination 128 p. :
Dimensions 22 cm.
650 ## - SUBJECT ADDED ENTRY--TOPICAL TERM
Topical term or geographic name as entry element Bengali Novel.
942 ## - ADDED ENTRY ELEMENTS (KOHA)
Source of classification or shelving scheme Dewey Decimal Classification
Koha item type Books
Holdings
Source of classification or shelving scheme Damaged status Not for loan Home library Current library Shelving location Date of accession Source of acquisition Cost, normal purchase price Total Checkouts Full call number Barcode Date last seen Date checked out Copy number Method of acquisition Koha item type Currency
Dewey Decimal Classification     JCC Rouf Library JCC Rouf Library General Stacks   With The Compliments Of 7th Intake 50.00 1 891.443 DEV 1993 19195 12/11/2024 11/18/2024 C-1 Gift/Donation Books BDT

JCC Library | Contacts | JCC Home

Last Update on 23 September 2017
Copyright @ 2017-2020 JCC Rouf Library
Rouf Library, Jhenidah Cadet College (JCC), Bangladesh